Tous les aéroports français avec plus de 100000 passages par an - Statistiques

Statistiques générales
  • Ce quiz a été pris 55 fois
  • Le résultat moyen est 7 sur 52
Statistiques - réponses
Code IATA Nombre de visiteurs Réponse % Correct
ORY 33 123k Paris-Orly
100%
CDG 70 290k Paris-Charles de Gaulle
98%
LYS 10 463k Lyon-Saint-Exupéry
61%
NCE 14 763k Nice-Côte d’azur
47%
TLS 7 844k Toulouse-Blagnac
43%
MRS 11 167k Marseille-Provence
33%
NTE 7 009k Nantes-Atlantique
33%
BOD 6 593k Bordeaux-Mérignac
29%
MLH 8 914k Bâle-Mulhouse
27%
BVA 6 557k Paris-Beauvais
20%
MPL 1 799k Montpellier-Méditerrannée
18%
AJA 1 605k Ajaccio-Napoléon-Bonaparte
16%
BES 939k Brest-Bretagne
16%
CFE 228k Clermont-Ferrand
14%
LIL 1 795k Lille-Lesquin
14%
SXB 1 231k Strasbourg
14%
BIA 1 490k Bastia-Poretta
10%
RNS 511k Rennes-Saint-Jacques
10%
PPT 1 666k Tahiti-Faaa
10%
TLN 292k Toulon-Hyères
10%
BIQ 917k Biarritz-Pays Basque
8%
FSC 877k Figari Sud Corse
8%
RUN 2 712k La Réunion-R. Garros
8%
CFR 291k Caen
6%
DLE 102k Dole-Jura
6%
NOU 359k Nouméa - La Tontouta
6%
PUF 268k Pau-Pyrénées
6%
PGF 501k Perpignan
6%
BZR 280k Béziers - Cap d’Agde
4%
CMF 177k Chambéry
4%
LIG 265k Limoges-Bellegarde
4%
CLY 400k Calvi Sainte-Catherine
2%
CCF 311k Carcassonne
2%
GNB 246k Grenoble-Alpes-Isère
2%
PTP 2 149k Guadeloupe-Maryse Condé
2%
ETZ 105k Metz-Nancy-Lorraine
2%
SBH 203k Saint-Barthélémy
2%
LDE 577k Tarbes-Lourdes-Pyrénées
2%
TUF 190k Tours-Val de Loire
2%
EGC 246k Bergerac-Dordogne-Périgord
0%
BOB 385k Bora-Bora
0%
CAY 496k Cayenne-F. Éboué
0%
DZA 423k Dzaoudzi-M. Henry
0%
HUH 150k Huahine
0%
LRH 294k La Rochelle-Île de Ré
0%
LIF 105k Lifou-Wanaham
0%
FDF 1 875k Martinique A. Césaire
0%
FNI 259k Nîmes-Garons
0%
GEA 278k Nouméa Magenta
0%
RFP 302k Raiatea
0%
RGI 133k Rangiroa
0%
SFG 208k Saint-Martin Grand-Case
0%
Aucun quiz correspondant
Distribution des résultats
% des personnes avec chaque résultat
Percentile par nombre de réponses
Votre historique - résultats
Vous n’avez pas pris ce quiz